MDQL
is popping MORE tags! Check the
thread
!
Quizzes
Events
Quiz Creation
Community
Videos
Private Events
Remove Ads
Sign In
Join for FREE
Feedback
Dark Mode
Quiz Categories
Sports
Geography
Music
Movies
Television
Just For Fun
Miscellaneous
History
Literature
Language
Science
Gaming
Entertainment
Religion
Holiday
For Kids
Quiz Lab
Recent
Popular Today
Quiz Kudos Today
Editor Picks
Curator Picks
Quizzes by...
Day
Popularity
Type
Ratings
Length
Year
Community
Subscriptions
Recent Discussions
Orange Saloon
Badges
Playlists
Quests
Create
Leaderboards
Showdown
Live 5
Trivia Bingo
Activity
Puzzle Library
Sporcle Events
Private Events
Virtual Trivia
Globe League
Become a Host
Pub Owners
SporcleCon
Opinionation
Our Games
Videos
Blog
Mobile Apps
Partnerships
Remove Ads and Go Orange
Feedback
Movies
Disney
Marvel Cinematic Universe
Movie Resume
Movie Titles
Oscar
Actor
Actress
Director
Pixar
Role
Movie Quotes
Movie Characters
Box Office
Nominee
Best Picture
Star Wars
James Bond
Horror Movies
Movies
Disney
Marvel Cinematic Universe
Movie Resume
Movie Titles
Oscar
Actor
Actress
Director
Pixar
Role
Movie Quotes
Movie Characters
Box Office
Nominee
Best Picture
Star Wars
James Bond
Horror Movies
Random Quiz
Search Sporcle
×
Quiz Lab
Quiz Lab
Movies
Oscar
Type in answers that appear in a list
Type in answers that appear in a list
Classic
Best Score? Go Orange.
Oscar Nominees for Best Music Score Stats
Can you name the Oscar Nominees for Best Music Score?
By
scottgingold
20m
195 Questions
186 Plays
186 Plays
186 Plays
Comments
Comments
Give Quiz Kudos
Give Quiz Kudos
-
- Ratings
hide this ad
More Info
Replay
Link that replays current quiz
Next Quiz
Link to next quiz in quiz playlist
You Got
0%
They Got
Avg Score
33%
Avg Friend Score
Upgrade to see
Score Distribution
Jump to the score distribution portion of the page
Score
0/195
Timer
20:00
0
Plays Today
Year
Film
% Correct
2009
Up
78.5%
1997 -
Dramatic
Titanic
78%
2003
The Lord of the Rings: The Return of the King
76.3%
2001
The Lord of the Rings: The Fellowship of the Ring
76.3%
2009
Avatar
75.3%
1991
Beauty and the Beast
72.6%
1994
The Lion King
69.4%
1993
Schindler's List
68.8%
1992
Aladdin
67.7%
2008
Slumdog Millionaire
66.7%
1982
E.T.: The Extra-Terrestrial
66.7%
1995 -
Comedy/
Musical
Toy Story
66.1%
1994
Forrest Gump
65.6%
2000
Gladiator
64.5%
1989
The Little Mermaid
64.5%
2006
Babel
62.9%
2005
Brokeback Mountain
62.4%
1981
Raiders of the Lost Ark
61.8%
1998 -
Dramatic
Saving Private Ryan
60.2%
1999
American Beauty
59.7%
1990
Dances with Wolves
59.1%
2000
Crouching Tiger, Hidden Dragon
57.5%
1995 -
Comedy/
Musical
Pocahontas
57.5%
1995 -
Dramatic
Braveheart
57%
2008
WALL-E
56.5%
2005
Munich
56.5%
2002
The Hours
56.5%
1985
Out of Africa
55.9%
1996 -
Dramatic
The English Patient
55.4%
2007
Atonement
54.8%
1998 -
Comedy/
Musical
Shakespeare in Love
54.8%
1980
The Empire Strikes Back
54.8%
1981
Chariots of Fire
54.3%
2007
Ratatouille
53.8%
2009
The Hurt Locker
52.7%
2004
Finding Neverland
52.2%
1987
The Last Emperor
52.2%
1983
Return of the Jedi
52.2%
2005
Memoirs of a Geisha
49.5%
2001
Harry Potter and the Sorcerer's Stone
49.5%
2001
A Beautiful Mind
48.9%
1997 -
Comedy/
Musical
The Full Monty
48.9%
1988
Rain Man
48.9%
2008
The Curious Case of Benjamin Button
48.4%
2003
Finding Nemo
48.4%
1985
The Color Purple
46.8%
1989
Indiana Jones and the Last Crusade
46.2%
2001
Monsters, Inc.
45.7%
1998 -
Comedy/
Musical
Mulan
45.7%
1996 -
Comedy/
Musical
The Hunchback of Notre Dame
45.2%
1984
Indiana Jones and the Temple of Doom
45.2%
1998 -
Dramatic
Life is Beautiful
44.6%
1986
The Mission
44.6%
2002
Catch Me If You Can
44.1%
2001
A.I.: Artificial Intelligence
44.1%
1984 -
Song Score
Purple Rain
44.1%
2000
Chocolat
43.5%
1997 -
Dramatic
L.A. Confidential
43%
1991
JFK
43%
1982
Gandhi
43%
2006
The Queen
42.5%
1995 -
Dramatic
Apollo 13
42.5%
1996 -
Comedy/
Musical
Emma
41.9%
1994
The Shawshank Redemption
41.4%
1999
The Cider House Rules
39.8%
Year
Film
% Correct
1998 -
Comedy/
Musical
A Bug's Life
39.8%
2008
Milk
39.2%
2002
Frida
39.2%
1984
A Passage to India
39.2%
1989
Born on the Fourth of July
38.7%
2004
Harry Potter and the Prisoner of Azkaban
38.2%
1999
The Red Violin
38.2%
1986
Aliens
38.2%
1990
Ghost
37.6%
1990
Home Alone
37.1%
2003
Big Fish
36.6%
1997 -
Dramatic
Amistad
36.6%
1997 -
Comedy/
Musical
As Good As It Gets
36.6%
2002
Road to Perdition
36%
1998 -
Comedy/
Musical
The Prince of Egypt
35.5%
1995 -
Dramatic
Il postino
35.5%
1997 -
Dramatic
Good Will Hunting
34.9%
1991
Bugsy
34.9%
2006
Pan's Labyrinth
34.4%
2005
Pride & Prejudice
34.4%
2003
Cold Mountain
34.4%
1987
Empire of the Sun
34.4%
1992
Howards End
33.9%
1998 -
Dramatic
Elizabeth
33.3%
1995 -
Dramatic
Sense and Sensibility
32.8%
1978
Superman
32.8%
1983
The Right Stuff
32.3%
2002
Far From Heaven
31.7%
1983
Terms of Endearment
31.7%
1978
Midnight Express
31.7%
1980
Fame
31.2%
1996 -
Dramatic
Shine
30.1%
1998 -
Dramatic
The Thin Red Line
29.6%
2009
Fantastic Mr. Fox
29%
1993
The Fugitive
29%
1993
The Remains of the Day
29%
1981
On Golden Pond
29%
2009
Sherlock Holmes
28.5%
1979
Star Trek: The Motion Picture
28.5%
1988
The Accidental Tourist
28%
2007
Michael Clayton
27.4%
1987
The Untouchables
27.4%
1985
Witness
27.4%
1982 -
Adaptation/
Song Score
Victor Victoria
27.4%
1983 -
Adaptation/
Song Score
Yentl
26.9%
2007
3:10 to Yuma
25.8%
2004
The Passion of the Christ
25.8%
2000
Malena
25.8%
1999
The Talented Mr. Ripley
25.8%
1997 -
Comedy/
Musical
Anastasia
25.8%
2004
The Village
25.3%
2000
The Patriot
25.3%
1997 -
Dramatic
Kundun
25.3%
1993
The Age of Innocence
25.3%
1988
Dangerous Liaisons
25.3%
2006
Notes On a Scandal
24.7%
1997 -
Comedy/
Musical
Men in Black
24.7%
1996 -
Dramatic
Hamlet
24.2%
1995 -
Dramatic
Nixon
24.2%
1995 -
Comedy/
Musical
Sabrina
24.2%
1989
Field of Dreams
24.2%
1986
'Round Midnight
23.7%
1991
The Prince of Tides
23.1%
1980
Tess
23.1%
1980
The Elephant Man
22.6%
Year
Film
% Correct
2005
The Constant Gardener
22%
1999
Angela's Ashes
22%
1984
The River
22%
1994
Little Women
21%
2003
House of Sand and Fog
20.4%
1979 -
Adaptation/
Song Score
All That Jazz
20.4%
1988
The Milagro Beanfield War
19.9%
1997 -
Comedy/
Musical
My Best Friend's Wedding
19.4%
1992
Chaplin
19.4%
1981
Ragtime
19.4%
1978 -
Adaptation/
Song Score
The Wiz
19.4%
2007
The Kite Runner
18.8%
1992
Basic Instinct
18.8%
1987
The Witches of Eastwick
18.8%
1978
Days of Heaven
18.8%
1996 -
Dramatic
Sleepers
18.3%
1994
Interview with the Vampire
18.3%
1984
The Natural
18.3%
1993
The Firm
17.7%
2008
Defiance
16.7%
2006
The Good German
16.7%
1992
A River Runs Through It
16.7%
1990
Avalon
16.7%
1982
Sophie's Choice
16.7%
1979
A Little Romance
16.7%
1979
10
16.7%
1978
Heaven Can Wait
16.7%
2004
Lemony Snicket's A Series of Unfortunate Events
16.1%
1987
Cry Freedom
16.1%
1998 -
Comedy/
Musical
Patch Adams
15.6%
1991
The Fisher King
15.1%
1998 -
Dramatic
Pleasantville
14.5%
1996 -
Dramatic
Michael Collins
14.5%
1995 -
Comedy/
Musical
The American President
14.5%
1979 -
Adaptation/
Song Score
Breaking Away
14.5%
1982
An Officer and a Gentleman
14%
1986
Hoosiers
13.4%
1982
Poltergeist
13.4%
1979 -
Adaptation/
Song Score
The Muppet Movie
12.9%
1996 -
Comedy/
Musical
The First Wives Club
12.4%
1996 -
Comedy/
Musical
James and the Giant Peach
12.4%
1978 -
Adaptation/
Song Score
The Buddy Holly Story
12.4%
1986
Star Trek IV: The Voyage Home
11.8%
1982 -
Adaptation/
Song Score
One from the Heart
11.8%
1978
The Boys from Brazil
11.8%
1989
The Fabulous Baker Boys
11.3%
1985
Silverado
11.3%
1982 -
Adaptation/
Song Score
Annie
11.3%
1984 -
Song Score
Songwriter
10.8%
1988
Gorillas in the Mist
9.7%
1984
Under the Volcano
9.7%
1980
Altered States
9.7%
1979
The Amityville Horror
9.7%
1996 -
Comedy/
Musical
The Preacher's Wife
9.1%
1990
Havana
9.1%
1984 -
Song Score
The Muppets Take Manhattan
9.1%
1983 -
Adaptation/
Song Score
The Sting II
9.1%
1985
Agnes of God
8.6%
1995 -
Comedy/
Musical
Unstrung Heroes
8.1%
1983
Cross Creek
7%
1983
Under Fire
7%
1983 -
Adaptation/
Song Score
Trading Places
7%
1981
Dragonslayer
6.5%
1979
The Champ
4.8%
1978 -
Adaptation/
Song Score
Pretty Baby
4.3%
Quiz Playlist
Details
Report
Send in Message
Add To Playlist
More Info:
1978 - 2009 Includes all categories of music score (original score; song score; adaptation score; dramatic score; comedy/musical score) * = winner
Classic:
Type in answers that appear in a list
Last Updated: Feb 16, 2017
Quiz Scoreboard
CHALLENGE
Sign Up to Join the Scoreboard
Show All
Scores
Hide
Comments
May contain spoilers
Recently Published
Colored Red Africa Blitz
by spor1
Geography
30s
Find the 'City' Movie
by crazypaving
Movies
60s
5x2 Blitz: Bands
by SL_Kpop136
Music
30s
More to Explore
Quiz From the Vault
Featured Blog Post
14 Easter Pick-up Lines to Find Eggs With
hide this ad
You Might Also Like...
Tags
Nominee Quiz
Oscar Quiz
Composer
Oscar Nominated
score
Today's Top Quizzes in Movies
Browse Movies
hide this ad
Today's Top Quizzes in Oscar
Browse Oscar
Top Contributed Quizzes in Movies
1
Find The 'Big' Movie
2
Find The 'Blue' Movie
3
Find The 'Wild' Movie
4
Movies By Plot
5
Hidden Star Wars Character II
6
Pick 5 Posters: Directed by Spielberg
7
Hidden Star Wars Character III
8
Hidden Star Wars Character IV
9
25 Best Actor Nominees (1990s)
10
Alfred Hitchcock Movies by Plot
Explore More
Trending Topics
Disney
Marvel
Harry Potter
NBA
Anime
Kpop
Crossword
Country
Soccer
Pokémon
Puzzle
Song
NFL
WWE
The Office
hide this ad
More By:
scottgingold
Quiz
Plays
Rating
Category
Featured
Created
Oscar Winners for Best Original Song
9,363
4.48
Movies
Nov 6, 2009
LOST Characters (Very Hard)
3,072
4.06
Television
Mar 21, 2010
Movie Sex Scenes
1,501
3.00
Movies
Oct 7, 2009
Film.com's 50 Greatest Movie Monologues
1,188
4.30
Movies
Jul 10, 2010
Nominated Actors for Best Picture Oscars
903
3.75
Movies
Nov 6, 2009
Go to Creator's Profile
Score Distribution
Quiz Creator Spotlight
scottgingold
Follow
Send a Message
Quizzes Created
-
Created Quiz Play Count
-
More By This Creator
Popular Quizzes Today
1
Colored Red Africa Blitz
2
Find the 'City' Movie
3
5x2 Blitz: Bands
4
Find the US States - No Outlines Minefield
5
The Countries of the World
6
Find the US States
7
US States
8
Find the Countries of Europe - No Outlines Minefield
More Movies Quizzes
'W' First Word Missing in Two Words Movie Titles
Quiz Lab
Trending Quizzes
Colored Red Europe Blitz I
Colored Red Europe Blitz II
Colored Red Africa Blitz II
Colored Red Europe Blitz III
Colored Red Africa Blitz III
Recently Updated
How Do You Spell That?
pecheneg
Godzilla Movies
pecheneg
Grab Bag: 4-10 Letters
pecheneg
2024 March Madness Bracket
pecheneg
Famous TV Couples
Peacemaker
Champions League XIs: Real Madrid
pecheneg
Largest US Cities 1790-2010
pecheneg
Rides in Walt Disney World
pecheneg
Most Oscar Losses (Acting)
pecheneg
Beyoncé Albums
pecheneg
Trending Topics
Disney
Anime
Harry Potter
Marvel
Crossword
NBA
Kpop
Country
Pokémon
WWE
Puzzle
NFL
The Office
Soccer
Song
Your Account Isn't Verified!
In order to create a playlist on Sporcle, you need to verify the email address you used during registration. Go to your
Sporcle Settings
to finish the process.
Report this User
Report this user for behavior that violates our
Community Guidelines
.
Details:
Send Report
Go to the Sporcle.com Mobile Site →
Comments